00278pab a2200121 454500008004000000100001900040245004000059260000900099300001200108362000800120650001600128773001200144180718b1997 xxu||||| |||| 00| 0 eng d aIlaiah, Kancha aGaddar: embodying many institutions c1997 ap.32-35 aAug aBiographies aSeminar